<?xml version="1.0" encoding="UTF-8"?>
<record
    xmlns:xsi="http://www.w3.org/2001/XMLSchema-instance"
    xsi:schemaLocation="http://www.loc.gov/MARC21/slim http://www.loc.gov/standards/marcxml/schema/MARC21slim.xsd"
    xmlns="http://www.loc.gov/MARC21/slim">

  <leader>01449nam a22002297a 4500</leader>
  <datafield tag="999" ind1=" " ind2=" ">
    <subfield code="c">58467</subfield>
    <subfield code="d">58467</subfield>
  </datafield>
  <controlfield tag="003">Ge_BSU</controlfield>
  <controlfield tag="005">20220324150348.0</controlfield>
  <controlfield tag="008">220324s2020    ge ||||| |||| 00| 0 geo d</controlfield>
  <datafield tag="020" ind1=" " ind2=" ">
    <subfield code="a">9789941970207</subfield>
  </datafield>
  <datafield tag="041" ind1=" " ind2=" ">
    <subfield code="a">geo</subfield>
  </datafield>
  <datafield tag="080" ind1=" " ind2=" ">
    <subfield code="a">726:27.523.4(=353.1) &#x10D1;-18</subfield>
  </datafield>
  <datafield tag="245" ind1=" " ind2=" ">
    <subfield code="a">&#x10D1;&#x10D0;&#x10D8;&#x10D1;&#x10E3;&#x10E0;&#x10D7;&#x10D8;&#x10E1; &#x10EB;&#x10D4;&#x10D2;&#x10DA;&#x10D4;&#x10D1;&#x10D8;&#x10E1; 2019 &#x10EC;&#x10DA;&#x10D8;&#x10E1; &#x10E1;&#x10D0;&#x10D9;&#x10D5;&#x10DA;&#x10D4;&#x10D5;&#x10D8; &#x10D4;&#x10E5;&#x10E1;&#x10DE;&#x10D4;&#x10D3;&#x10D8;&#x10EA;&#x10D8;&#x10D8;&#x10E1; &#x10D0;&#x10DC;&#x10D2;&#x10D0;&#x10E0;&#x10D8;&#x10E8;&#x10D8; /</subfield>
    <subfield code="c">[&#x10D0;&#x10D5;&#x10E2;&#x10DD;&#x10E0;&#x10D7;&#x10D0; &#x10EF;&#x10D2;&#x10E3;&#x10E4;&#x10D8;: &#x10D7;. &#x10EE;&#x10E3;&#x10EA;&#x10D8;&#x10E8;&#x10D5;&#x10D8;&#x10DA;&#x10D8;, &#x10D1;. &#x10D2;&#x10DD;&#x10D6;&#x10D0;&#x10DA;&#x10D8;&#x10E8;&#x10D5;&#x10D8;&#x10DA;&#x10D8;, &#x10D0;. &#x10D8;&#x10DB;&#x10D4;&#x10D3;&#x10D0;&#x10E8;&#x10D5;&#x10D8;&#x10DA;&#x10D8;, &#x10E8;. &#x10D9;&#x10DD;&#x10E6;&#x10E3;&#x10D0;&#x10E8;&#x10D5;&#x10D8;&#x10DA;&#x10D8; [&#x10D3;&#x10D0; &#x10E1;&#x10EE;&#x10D5;&#x10D0;]].</subfield>
  </datafield>
  <datafield tag="264" ind1=" " ind2=" ">
    <subfield code="a">&#x10D7;&#x10D1;&#x10D8;&#x10DA;&#x10D8;&#x10E1;&#x10D8; :</subfield>
    <subfield code="b">&#x10D9;&#x10D0;&#x10D5;&#x10D9;&#x10D0;&#x10E1;&#x10D8;&#x10D8;&#x10E1; &#x10E3;&#x10DC;&#x10D8;&#x10D5;&#x10D4;&#x10E0;&#x10E1;&#x10D8;&#x10E2;&#x10D4;&#x10E2;&#x10D8;&#x10E1; &#x10D2;&#x10D0;&#x10DB;&#x10DD;&#x10DB;&#x10EA;&#x10D4;&#x10DB;&#x10DA;&#x10DD;&#x10D1;&#x10D0;,</subfield>
    <subfield code="c">2020.</subfield>
  </datafield>
  <datafield tag="300" ind1=" " ind2=" ">
    <subfield code="a">120 &#x10D2;&#x10D5;. : </subfield>
    <subfield code="b">&#x10E4;&#x10DD;&#x10E2;. ; </subfield>
    <subfield code="c">29 &#x10E1;&#x10DB;.</subfield>
  </datafield>
  <datafield tag="500" ind1=" " ind2=" ">
    <subfield code="a">&#x10D8;&#x10D1;&#x10D4;&#x10ED;&#x10D3;&#x10D4;&#x10D1;&#x10D0; &#x10E8;&#x10DD;&#x10D7;&#x10D0; &#x10E0;&#x10E3;&#x10E1;&#x10D7;&#x10D0;&#x10D5;&#x10D4;&#x10DA;&#x10D8;&#x10E1; &#x10D4;&#x10E0;&#x10DD;&#x10D5;&#x10DC;&#x10E3;&#x10DA;&#x10D8; &#x10E1;&#x10D0;&#x10DB;&#x10D4;&#x10EA;&#x10DC;&#x10D8;&#x10D4;&#x10E0;&#x10DD; &#x10E4;&#x10DD;&#x10DC;&#x10D3;&#x10D8;&#x10E1; &#x10E4;&#x10D8;&#x10DC;&#x10D0;&#x10DC;&#x10E1;&#x10E3;&#x10E0;&#x10D8; &#x10DB;&#x10EE;&#x10D0;&#x10E0;&#x10D3;&#x10D0;&#x10ED;&#x10D4;&#x10E0;&#x10D8;&#x10D7;.</subfield>
  </datafield>
  <datafield tag="653" ind1=" " ind2=" ">
    <subfield code="a">&#x10D1;&#x10D0;&#x10D8;&#x10D1;&#x10E3;&#x10E0;&#x10D7;&#x10D8;&#x10E1; &#x10EB;&#x10D4;&#x10D2;&#x10DA;&#x10D4;&#x10D1;&#x10D8;</subfield>
  </datafield>
  <datafield tag="700" ind1=" " ind2=" ">
    <subfield code="a">&#x10EE;&#x10E3;&#x10EA;&#x10D8;&#x10E8;&#x10D5;&#x10D8;&#x10DA;&#x10D8;,  &#x10D7;. </subfield>
    <subfield code="e">&#x10D0;&#x10D5;&#x10E2;&#x10DD;&#x10E0;&#x10D8;</subfield>
    <subfield code="9">13601</subfield>
  </datafield>
  <datafield tag="700" ind1=" " ind2=" ">
    <subfield code="a">&#x10D2;&#x10DD;&#x10D6;&#x10D0;&#x10DA;&#x10D8;&#x10E8;&#x10D5;&#x10D8;&#x10DA;&#x10D8;, &#x10D1;.  </subfield>
    <subfield code="e">&#x10D0;&#x10D5;&#x10E2;&#x10DD;&#x10E0;&#x10D8;</subfield>
    <subfield code="9">13602</subfield>
  </datafield>
  <datafield tag="700" ind1=" " ind2=" ">
    <subfield code="a">&#x10D8;&#x10DB;&#x10D4;&#x10D3;&#x10D0;&#x10E8;&#x10D5;&#x10D8;&#x10DA;&#x10D8;, &#x10D0;&#x10DC;&#x10D0;</subfield>
    <subfield code="e">&#x10D0;&#x10D5;&#x10E2;&#x10DD;&#x10E0;&#x10D8;</subfield>
    <subfield code="9">5234</subfield>
  </datafield>
  <datafield tag="773" ind1=" " ind2=" ">
    <subfield code="t">&#x10DC;&#x10D0;&#x10E9;&#x10E3;&#x10E5;&#x10D0;&#x10E0;&#x10D8;</subfield>
  </datafield>
  <datafield tag="942" ind1=" " ind2=" ">
    <subfield code="2">udc</subfield>
    <subfield code="c">BK</subfield>
  </datafield>
  <datafield tag="952" ind1=" " ind2=" ">
    <subfield code="0">0</subfield>
    <subfield code="1">0</subfield>
    <subfield code="2">udc</subfield>
    <subfield code="4">0</subfield>
    <subfield code="6">7282752343531_&#x10D1;18</subfield>
    <subfield code="7">0</subfield>
    <subfield code="9">91451</subfield>
    <subfield code="a">CPL</subfield>
    <subfield code="b">CPL</subfield>
    <subfield code="c">GEN</subfield>
    <subfield code="d">2022-03-24</subfield>
    <subfield code="g">8.00</subfield>
    <subfield code="o">728:27.523.4(=353.1) &#x10D1;-18</subfield>
    <subfield code="p">62198</subfield>
    <subfield code="r">2022-03-24</subfield>
    <subfield code="t">62198</subfield>
    <subfield code="w">2022-03-24</subfield>
    <subfield code="y">BK</subfield>
    <subfield code="z">8 &#x10DA;.</subfield>
  </datafield>
</record>
